| 000 | 00326nam a2200109 4500 | ||
|---|---|---|---|
| 999 |
_c10098 _d10098 |
||
| 008 | 180801b ||||| |||| 00| 0 eng d | ||
| 245 | _aAboitiz launches campaign to preserve pawikan sanctuary. | ||
| 260 |
_aDavao City _bSun Star Davao _cc2016 |
||
| 300 | _apage 8. | ||
| 650 | 0 |
_929813 _aWildlife conservation. |
|
| 942 |
_2ddc _cPER |
||